000 00710nam a2200217Ia 4500
003 GCL
008 140319s9999 xx 000 0 ara d
040 _aGCL /
_cGCL
082 0 4 _a327.73056
_bب خ
100 1 _aفندلى، بول
245 1 0 _aالخداع /
_cفندلى، بول
700 1 _aمحمود يوسف زايد
300 _a402 ص
490 _aالهيئة العامة للاستعلامات
_v0
650 0 4 _aالنزاع العربى الاسرائيلى
650 0 4 _aالشرق الاوسط
650 0 4 _aالسياسة الدولية
650 0 4 _aالمشكلة الفلسطينية
650 0 4 _aالعلاقات الامريكية الاسرائيلية
942 _2ddc
_cBK
999 _c49120
_d49120